[Event "Biel MTO op"]
[Site "Biel"]
[Date "2004.07.20"]
[Round "2"]
[White "Avrukh, Boris"]
[Black "Lukin, Andrei M"]
[Result "1-0"]
[WhiteElo "2600"]
[BlackElo "2430"]
[Annotator "Avrukh,B"]
[PlyCount "51"]
[EventDate "2004.07.19"]
[EventType "swiss"]
[EventRounds "11"]
[EventCountry "SUI"]
[SourceTitle "CBM 101 Extra"]
[Source "ChessBase"]
[SourceDate "2004.09.01"]
[SourceVersion "2"]
[SourceVersionDate "2004.09.01"]
[SourceQuality "1"]

1. d4 Nf6 2. c4 g6 3. g3 c6 {This move came as a big surprise, since this line
has been never occured in the games of my opponent.} 4. Nf3 d5 5. Qb3 Bg7 6.
Bg2 O-O 7. O-O {By transposition of moves we have reached a famous position.}
Ne4 $6 {Apparently not the best continuation.} ({Usually Black chooses one of
the following options :} 7... Qb6) ({or} 7... dxc4 8. Qxc4 Bf5 {which looks
more preferable to the game continuation.}) 8. Nc3 $1 dxc4 9. Qxc4 Be6 (9...
Bf5 {looks more playable.}) (9... Nd6 10. Qd3 Na6 11. e4 Be6 12. b3 Nb4 13. Qe2
Bg4 14. Rd1 Qb6 15. Be3 Qa6 16. Qd2 $14 {0-1 Perez Cameselle,F-Penillas Mendez,
I/Benidorm ESP 2003/The Week in Chess 473 (80)}) 10. Qd3 Nd6 ({Black cannot
play} 10... Nxc3 11. bxc3 Nd7 {[%cal Gd7b6] in view of} 12. Ng5 {[%csl Re6]})
11. Rd1 {preparing e2-e4 advance.} Qc8 $6 $146 {Undoubtely not the best square
for black's queen, allowing white to develop his pieces with tempo.} (11... Na6
$142 12. e4 (12. Ng5 $5 Bc4 13. Qf3 h6 14. b3 Bxe2 15. Qxe2 hxg5 16. Bxg5 Qa5
17. Bd2 Qc7 18. Rac1 Qd7 19. d5 c5 20. h4 $14 {1-0 Pelikan,J-Golombek,H/Buenos
Aires 1939/HCL (42)}) 12... Nb4 13. Qb1 a5 14. b3 $14) 12. Bg5 $1 {[%csl Ge7]}
Re8 13. Rac1 {[%csl Gc8] Now it becomes clear, that White has a clear edge due
to his better placed piecies and full control over center, but Black still
keeps pretty solid position, without any serious weaknesses.} Bh3 14. Bh1 ({
Worth of consideration was:} 14. e4 Bxg2 15. Kxg2 {but it's always better to
keep more piecies,for the side, which has a space advantage.}) 14... Nd7 15. e4
f6 $1 {Otherwise white was threatening an unpleasant 16 e5.} 16. Be3 Nf7 17.
Qc4 $5 {Transfering the queen to the a2-g8 diagonal.} (17. b4 {[%cal Gb4b5]} a6
18. a4 {[%cal Gb4b5] was quite interesting alternative, with idea to create a
weakness on c6.}) 17... Nb6 (17... e5 18. Qb3 (18. d5 Nd6 19. Qd3 c5 20. Nb5
Bf8 {doesn't look very clear.}) 18... exd4 19. Nxd4 Nde5 20. Bg2 (20. Nce2 {
[%cal Ge2f4]} c5 $1) 20... Bxg2 21. Kxg2 {[%cal Gf2f4] with clear advantage.})
18. Qb3 e6 19. a4 $1 $16 {[%cal Ga4a5]} f5 {The only chance for counterplay.}
20. Ne5 $1 (20. a5 $140 fxe4 21. Nxe4 Nd5 22. Nfg5 Nxg5 23. Nd6 Qd8 (23... Nxe3
24. Nxc8 Nxd1 25. Nd6 $1 $16) 24. Nxe8 Bh6 $1 $13) 20... Nxe5 21. dxe5 Bxe5 22.
a5 (22. f4 $143 Bxc3 23. Qxc3 fxe4 $13 {[%cal Gb6d5]}) 22... Nd7 23. Nb5 $1 {
[%csl Ga7][%cal Gb5d6] The point of my idea.} fxe4 (23... a6 24. Nd6 Bxd6 25.
Rxd6 {[%csl Gg8] looks extremely dangerous for Black.}) 24. Nxa7 Qc7 25. a6 {
[%csl Rb7,Rc6]} Nf6 $2 {Losing on the spot.} (25... Rxa7 26. Bxa7 b6 27. Bxe4 (
27. Rxd7 Qxd7 28. Bxb6 $16 {[%csl Ga6]}) 27... Qxa7 28. Bxc6 Re7 29. Qb5 Nc5
30. b4 $18) ({More stubborn was :} 25... c5 $142 26. Nb5 Qc6 $1 (26... Qc8 27.
Nd6 Bxd6 28. axb7 $18) 27. a7 (27. Nc3 Nf6 {[%csl Ge4]} (27... Rxa6 $2 28. Bxe4
Qc7 29. Qxb7 Qxb7 30. Bxb7 Rd6 31. Rxd6 Bxd6 32. Rd1 Rb8 33. Bg2 Bxg2 34. Rxd6
$18) 28. axb7 Rab8 29. Qc4 Qxb7 $14) 27... Bg4 (27... b6 28. Qc4 {[%cal Gh1e4]}
Nf6 29. Bg5 Bf5 30. Bxf6 Bxf6 31. g4 $18 {[%csl Ge4]}) 28. Rxd7 (28. Rd2 Bf3
29. Qc4 $16 {[%cal Gb2b4]}) 28... Qxd7 29. Rxc5 {and the pawn on a7 secures a
big advantage for White.}) 26. Qxb7 (26. axb7 Rab8 27. Nxc6 Rxb7 28. Nxe5 $140
$2 Qxc1 $1 $17) 1-0

[Event "Olympiad-40"]
[Site "Istanbul"]
[Date "2012.09.03"]
[Round "6.4"]
[White "Avrukh, Boris"]
[Black "Gupta, Abhijeet"]
[Result "1-0"]
[WhiteElo "2605"]
[BlackElo "2637"]
[Annotator "Avrukh,B"]
[PlyCount "107"]
[EventDate "2012.08.28"]
[EventType "team-swiss"]
[EventRounds "11"]
[EventCountry "TUR"]
[SourceTitle "CBM 151"]
[Source "ChessBase"]
[SourceDate "2012.11.13"]
[SourceVersion "1"]
[SourceVersionDate "2012.11.13"]
[SourceQuality "1"]
[WhiteTeam "Israel"]
[BlackTeam "India"]
[WhiteTeamCountry "ISR"]
[BlackTeamCountry "IND"]

1. d4 Nf6 2. c4 g6 3. g3 c6 {Definitely the most solid system for Black
against White's fianchetto.} 4. Bg2 d5 5. Qa4 {I have also tried other moves
for White, but in this important game I decided to surprise my opponent with
the text.} dxc4 {One of the few reliable moves for Black. Alternatives are:} (
5... Bg7) (5... Nbd7 {and even}) (5... Nfd7) 6. Qxc4 Bg7 7. Nf3 O-O 8. O-O Bf5
9. Nc3 Nbd7 {Finally we have reached a quite well-known theoretical line.} 10.
h3 {In general Black is doing quite OK in main lines of this variation, so
during my preparation I paid attention to this rare continuation.} Ne4 11. Qb3
$5 $146 {[%mdl 8] This is my new idea.} ({White previously tried:} 11. Rd1 {
Wojtkiewicz,A (2540)-Antonio,R (2490)/Bacolod 1991.} {Now Black could have
solved his opening problems instantly by means of} Nxc3 $5 12. bxc3 Bc2 $1 13.
Re1 Nb6 14. Qc5 Qd6 $1) ({It seems to me that} 11. g4 {is too aggressive:} Be6
12. Qd3 Nxc3 13. bxc3 {as occured in Makarov,M (2518)-Levin,E (2500)/St
Petersburg 2010/CBM 137 (25), after the simple} Nb6 $1 $15 {I would prefer
Black's position, since White's kingside might become vulnerable.}) 11... Nb6 (
{Black's other option is} 11... Qb6) 12. a4 $1 {Creating the unpleasant idea
of chasing off the knight from b6 by means of a4-a5.} a5 {There is no doubt
that is not the most desirable move, (tit makes Black's knight vulnerable on
b6), but after} (12... Nd6 {Black allows White to gain space in the centre} 13.
a5 ({Also the quiet} 13. Re1 $5 {comes into consideration.}) 13... Be6 14. Qc2
Nd5 (14... Nbc4 {runs into the unpleasant} 15. a6 $1) 15. e4 $14 {etc.}) 13.
Rd1 Ra6 {Protecting the knight on b6 with the rook allows Black to free his
queen.} ({In case of} 13... Nd6 14. Re1 Be6 15. Qd1 Nd5 16. Ng5 $1 {White has
better chances.} (16. e4 Nb4 {is less clear.})) 14. Ne1 {White starts his
fight for the central squares.} Be6 15. Qc2 Nxc3 16. bxc3 Qc8 $6 {[%csl Gh3]
[%cal Gc6c5] A very tempting continuation, that actually appears to be a
serious inaccuracy.} ({Better would have been} 16... Nd7 {then after} 17. Rb1
Rb6 18. Bf4 Bc4 19. Nf3 $14 {White retains a pleasant edge.}) 17. Kh2 {
Unfortunately I failed to exploit Black's inaccuracy, because in the line} (17.
Nd3 $1 Bxh3 18. Bxh3 Qxh3 {I didn't notice the quiet} 19. Rb1 $1 {[%csl Gb6,
Gb7][%cal Gd3c5]} ({only checking} 19. Nc5 Ra7 20. Rb1 Nd7 {which didn't
appeal to me, due to the idea of Nf6-g4 if White captures on b7.}) 19... Qf5
20. Re1 $1 $16 {and White regains the pawn with a serious advantage.}) 17... c5
$1 $132 {Now Black is getting enough counterplay.} 18. d5 (18. Bg5 {is not
dangerous for Black; he can simply continue} cxd4 19. cxd4 Qxc2 20. Nxc2 Bb3
21. Rdc1 Bxa4 22. Bxe7 Re8 23. Bc5 Rxe2 24. Bxb7 Ra7 $11 {with a drawish
endgame.}) 18... Bd7 {I should admit, that it was a very unpleasant surprise
to discover Black's threat of ...Qe8 attacking the a4-pawn.} 19. Nd3 c4 20. Nb2
{[%csl Gb2] Not the most aesthetically pleasing way to protect the a4-pawn,
but I didn't see alternatives.} ({After} 20. Nf4 $6 Qe8 {the a4-pawn is
falling without much compensation.}) 20... e6 21. dxe6 {White has no choice,
since after} (21. e4 $2 exd5 22. exd5 Bf5 23. Qd2 Rd8 $17 {his pieces are
poorly coordinated.}) 21... Bxe6 22. Be3 $6 {This is too slow, preferable
would have been the immediate} (22. e4 {here Black has a choice between} Nd7 ({
and} 22... f5 23. Be3 fxe4 24. Bxe4 Nd7 25. Bg2 Re8) 23. Be3 Re8 24. f4 Nc5 25.
Rab1 (25. Rf1 $5) 25... Nb3 {in both cases with very complex double-edged play.
}) 22... Nd7 23. Bd5 $6 {Another inaccurate move, during the game I was
concerned about Black's knight coming to b5, but in fact it was not so
dangerous and I could have played} (23. Bd4 Nc5 24. Rab1 Nb3 25. Bxg7 Kxg7 26.
Bd5 {with a roughly equal game.}) 23... Nf6 $1 24. Bg2 Nd7 25. Bd5 {As I
already mentioned 25.Bd4 was better.} Nf6 26. Bg2 Bf5 {Clearly Black has every
reason to avoid a repetition, but the best would be} (26... Re8 $1 {in this
case White's best chance would be} 27. Rd4 $5 ({since the natural} 27. Bd4 {
runs into the unpleasant} Bf5 28. Qd2 Ne4 29. Qe1 Rae6 $1 {and Black's pieces
are very well coordinated.}) 27... Nd7 28. Rh4 $15) 27. Qc1 Be4 $2 {A very
strange move, which only helps White to carry out his plan, much more to the
point was} (27... Re8 {, here White should probably continue} 28. Rd4 Be6 29.
Bh6 Bh8 30. Qd2 {with an unclear game.}) 28. f3 Bf5 29. Bd4 Be6 30. e4 h5 $6 {
Black's idea of playing h5-h4 can hardly hurt White, while the unnecessary
weakening of his kingside pawn structure will tell later on.} (30... Nd7 $142
31. Qe3 Bxd4 {was necessary for Black, here I would probably recapture by
means of} 32. Rxd4 ({, since after} 32. cxd4 Rb6 33. Qc3 Rb3 34. Qc2 Nb6 35. d5
Bd7 36. Rdc1 Rb4 $132 {Black has definite counterplay.}) 32... Nc5 33. Re1 $14
{and White maintains better chances.}) 31. Qe3 ({There was nothing wrong with} 
31. f4 {in this case} h4 {is perfectly met by} 32. g4) 31... Re8 ({After} 31...
h4 32. g4 Qc7+ {it's better to play} 33. Kh1 $1 ({avoiding unnecessary
complications after} 33. f4 g5)) 32. Rd2 Qb8 $6 {Obviously it was much better
to move the queen to the c7-square.} 33. h4 $1 {Preventing Black's idea of
h5-h4.} ({Unnecessary complications would have followed} 33. f4 h4 34. g4 Bxg4
$1) 33... Kh7 ({Maybe my opponent planned to carry out} 33... b5 {but it would
only help White to improve his passive knight} 34. axb5 Qxb5 35. Na4 $16) 34.
Qe2 $1 {Now Black needs to waste a tempo on defending the c4-pawn, while White
has prepared a nice route for his problematic knight.} Rc8 35. Nd1 $1 Nd7 ({
After} 35... b5 36. axb5 Qxb5 {I intended to continue} 37. Ne3 ({Also worth
considering is} 37. e5 Nd5 38. Nf2 {[%cal Gf2e4,Gf3f4] followed by Ne4 with a
serious initiative.}) 37... a4 38. Rb2 Qd7 39. Nc2 {with advantage.}) 36. Qe3 {
Not a necessary move, the immediate} (36. f4 {was stronger, for example:} Bg4
37. Bf3 Bxf3 38. Qxf3 Nc5 39. Bxc5 Rxc5 40. e5 b5 41. Nf2 $16 {[%cal Gf2e4]})
36... Bf8 37. f4 Bg4 {Black is already unable to consolidate his pieces:} (
37... Qc7 38. f5 ({Worth considering is} 38. Qe1 $5 Nc5 39. Ne3 {[%cal Gf4f5]})
38... gxf5 39. Qf3 f4 40. Qxh5+ Bh6 41. Ne3 $1 {[%cal Ge3f5] with a strong
initiative.}) (37... Nc5 38. f5 Bd7 (38... gxf5 39. Qf3 $40) 39. Rf2 Kg8 40.
Bh3 Qc7 41. Qf3 gxf5 42. Bxf5 $16) 38. Nf2 $16 {Now it's clear, that
everything has gone wrong for Black, White's advantage is obvious.} Nc5 39.
Nxg4 ({Another attractive possibility would have been} 39. Be5 Bd6 40. Rxd6
Rxd6 41. Nxg4 hxg4 42. Qe2 $16) 39... hxg4 40. Bxc5 {I think it was a good
practical decision in time trouble to trade Black's knight, switching for a
position with an extra pawn, but different coloured bishops.} (40. Rad1 {
was quite strong and if Black captured the pawn} Nxa4 {White's attack should
be decisive after} 41. Qe2) 40... Bxc5 41. Qe2 {The black g4-pawn and White's
pawn majority on the kingside allow him to create a decisive attack against
the black king, while bishops of different colours only help the strongest
side.} Rd6 42. Rxd6 Qxd6 43. Qxg4 Rd8 44. Rf1 $1 Qb6 $6 {Moving the queen away
from the kingside significantly eases White's task.} ({More stubborn would
have been} 44... Qf6 {Now I like} 45. f5 ({in the event of} 45. e5 Qf5 46. Qxf5
gxf5 {the position should be winning, but definitely there are some drawish
tendencies in the endgame with different coloured bishops.}) 45... Rd2 {
and now White has a pleasant choice between} 46. e5 ({and} 46. fxg6+ Qxg6 47.
Qf4 Rc2 48. Rf3) 46... Qxe5 47. Kh3 Rf2 48. fxg6+ fxg6 49. Rxf2 Bxf2 50. Be4
Qd6 51. h5 {in both cases White decides the game quite easily in his favour.})
45. f5 (45. e5 {was quite strong as well.}) 45... Rd3 46. e5 $18 {Now White's
attack is crushing.} Bf2 {The attempt to create counterplay falls short, since
the black king is too weak.} 47. Qxc4 {[%csl Gf7]} (47. e6 Rxg3 48. Qf4 {
was another winning line.}) 47... Bxg3+ 48. Kh1 Rd7 49. e6 {Of course every
move is winning here, but obviously the most simple way would have been} (49.
Qg4 $1 {[%csl Gd7,Gg3][%cal Gf5g6] forcing immediate resignation.}) 49... Rc7 {
This is of course absolutely hopeless, after} (49... fxe6 {I wanted to continue
} 50. Qg4 ({According to my computer a much stronger move is} 50. fxg6+ Kg7 51.
Qe2 $18) 50... gxf5 51. Qxg3 Rg7 52. Qe5 {and it should be an easy win for
White.}) 50. Qg4 {Black is unable to avoid huge material losses.} Bd6 51. Be4 (
51. fxg6+ fxg6 52. Be4 {mate in 6 according to the computer.}) 51... Kh8 52.
fxg6 f5 53. Qxf5 Qe3 54. g7+ {My opponent resigned in view of the following
line:} (54. g7+ Rxg7 55. Qh5+ Kg8 56. Qe8+ {with mate.}) 1-0

[Event "ARG-ch"]
[Site "Buenos Aires"]
[Date "1998.04.16"]
[Round "2"]
[White "Hoffman, Alejandro"]
[Black "Giaccio, Alfredo Gustavo"]
[Result "1/2-1/2"]
[WhiteElo "2510"]
[BlackElo "2460"]
[Annotator "Avrukh,B"]
[PlyCount "115"]
[EventDate "1998.04.15"]
[EventType "tourn"]
[EventRounds "15"]
[EventCountry "ARG"]
[EventCategory "9"]
[SourceTitle "CBM 065"]
[Source "ChessBase"]
[SourceDate "1998.08.06"]
[SourceVersion "1"]
[SourceVersionDate "1998.08.06"]
[SourceQuality "1"]

{[%mdl 6192]} 1. g3 d5 2. Bg2 g6 3. Nf3 Bg7 4. d4 c6 5. O-O Nf6 6. b3 O-O 7.
Bb2 a5 8. c4 a4 9. Nbd2 (9. cxd5 $5 Nxd5 10. e4 Nc7 11. Na3 c5 12. Nc4 cxd4 13.
Bxd4 axb3 14. axb3 Nc6 15. Bxg7 Kxg7 16. Rxa8 Qxd1 $11 {1/2-1/2 Pigusov,
E-Bareev,E/URS-FL 1986}) (9. bxa4 $5 dxc4 $6 10. Ne5 Nbd7 11. Nxc4 Nb6 12. Nxb6
Qxb6 13. Qb3 Qa5 14. Nc3 $16 {Gislason,G-Blees,A/Hafnarfjordur op 1996 (27)}) (
9. e3 Ne4 $5 10. Nfd2 Nc5 11. cxd5 cxd5 12. Ba3 axb3 $5 13. axb3 Nca6 14. Nc3
Nc7 15. Bc5 Rxa1 16. Qxa1 Nba6 $11 {Bareev,E-Sokolov,I/Bosnia 1998 (29)}) (9.
Nc3 a3 $6 10. Bc1 Ne4 11. Bd2 $5 Nxd2 12. Qxd2 dxc4 13. bxc4 Qa5 14. Rab1 $14 {
Spangenberg,H-Giaccio,A/ARG-ch 1995/1-0 (49)}) (9. c5 $6 axb3 10. Qxb3 Nbd7 11.
Nbd2 Re8 12. Rfd1 Qa5 13. a4 e5 $132 {Karnar,M-Kodric,M/SLO-chT sf 1996 (41)})
9... Ne4 (9... axb3 10. axb3 Na6 11. Qc1 Bf5 12. Bc3 Ne4 13. Nxe4 Bxe4 14. Ne5
Bxg2 15. Kxg2 c5 {1/2-1/2 De Freitas,M-Bolbochan,J/Sao Paulo zt 1960}) (9...
Bf5 10. Nh4 Bg4 11. h3 Be6 12. Qc2 Na6 13. e4 dxe4 14. Nxe4 Nxe4 15. Qxe4 axb3
16. axb3 Qb6 17. Qd3 Rad8 18. Rfd1 c5 19. Nf3 Nb4 20. Qd2 cxd4 21. Bxd4 Bxd4
22. Nxd4 Nc6 23. c5 Qxc5 24. Nxe6 fxe6 25. Qe1 Nd4 26. Rac1 Qd6 27. Bxb7 e5 28.
Bg2 Rf5 29. Be4 Rf6 30. Kg2 Rdf8 31. Rd2 e6 32. Qe3 Qb4 33. Rc3 R6f7 34. Ra2
Qb6 35. Rc6 Qb4 36. Rc3 Qb6 37. Rc6 Qb4 38. Rc3 Qb5 39. Qd3 Qb6 40. Ra6 Rxf2+
41. Kh1 Rf1+ 42. Qxf1 Rxf1+ 43. Kg2 Qxa6 {0-1 Mailfert,J-Borocz,I/Budapest
FS11 IM-A 1993}) (9... a3 10. Bc3 Ne4 11. Nxe4 dxe4 12. Ne1 f5 13. Qd2 Na6 14.
Nc2 b5 15. Rad1 bxc4 16. bxc4 Be6 17. Ne3 Qc7 18. Ba5 Qd6 19. d5 {1/2-1/2
Sanchez,J-Navarro,P/Andalucia op 1991}) 10. Qc1 Bg4 $5 {Typical idea:black
gets rid of a 'bad' bishop hoping to close the position.} 11. e3 Bxf3 12. Nxf3
e6 13. Rd1 Nd7 14. Ne1 f5 $5 15. Nd3 $14 Qb8 (15... axb3 16. axb3 Rxa1 17. Qxa1
Qa8 18. Nf4 Kf7 19. f3 Nef6 20. Qc1 $14) 16. Rb1 axb3 17. axb3 Re8 18. Ra1 Rxa1
19. Qxa1 Nd6 (19... b5 20. Qc1 bxc4 21. bxc4 Rc8 22. Qc2 $14) 20. c5 Nb5 21.
Bf1 Nc7 22. b4 Qa8 23. Be2 Qxa1 24. Rxa1 Ra8 25. Rxa8+ Nxa8 26. Nc1 $14 {
In the arising ending white has symbolical advantage,but no real chanses to
create something.} b5 $5 {Closing the queenside.} 27. Nb3 (27. cxb6 Naxb6 28.
Ba6 Nc4 29. Bc3 (29. Bxc4 dxc4 30. Kf1 e5 (30... Bf8 $6 31. Na2 Nf6 32. Ke2 Nd5
33. Ba3 Kf7 34. f3 $14 {[%csl Rc4][%cal Ge3e4]}) 31. Ke2 Kf7 32. dxe5 Nxe5 33.
Bd4 Bf6 34. Na2 Ke6 35. Nc3 g5 $11) 29... Nd6 30. f3 Kf7 31. Kf2 Ke7 32. Nb3
Nb5 $11) 27... Nc7 28. Na5 Nb8 {Now black has to come with the king to d7 to
give the knight from b8 to take part in the game,but white doesn't have an
opportunity to break through.} 29. g4 Kf7 30. h3 Ke7 31. Bc3 Kd7 32. Bd3 Ne8
33. f3 Na6 (33... Kc7 34. Nb3 (34. Be1 f4 35. Kf2 e5 36. dxe5 Bxe5 37. Nb3 Nd7
$11) 34... Nd7 35. Kf2 Bf6 $11) 34. Nb3 Nac7 35. Nc1 Ke7 36. Bc2 Nf6 37. Be1 (
37. g5 Nd7 38. Nd3 h6 39. h4 hxg5 40. hxg5 Ne8 $11) 37... Bh6 38. Kf2 Nd7 39.
Ke2 fxg4 $6 {Changing the character of the game.} 40. hxg4 e5 41. Bh4+ Ke8 42.
Bg3 Na6 43. Nd3 exd4 (43... e4 $6 44. fxe4 dxe4 45. Nf2 Nxb4 46. Bxe4 $14) 44.
exd4 Bg7 45. Ke3 Nf8 46. Be1 Ne6 {[%csl Rd4]} 47. Bc3 Nac7 48. f4 h5 $6 49. g5
$6 (49. f5 $1 Bh6+ 50. Kf2 gxf5 51. gxf5 Nd8 52. Kf3 $16 {[%cal Gd3f4]}) 49...
Kf7 50. Ne1 Nf8 $11 {Now the status-quo is regained and white can't make any
progress.} 51. Nf3 Nce6 52. Nh4 Bh8 53. Bb1 Bg7 54. Bd3 Bh8 55. Bf1 Bg7 56. Be2
Bh8 57. Bf3 Ng7 58. Be2 1/2-1/2

[Event "RUS-ch"]
[Site "Elista"]
[Date "1994.??.??"]
[Round "4"]
[White "Bezgodov, Alexei"]
[Black "Yandemirov, Valeri"]
[Result "0-1"]
[WhiteElo "2440"]
[BlackElo "2535"]
[Annotator "Belov,I"]
[PlyCount "92"]
[EventDate "1994.09.??"]
[EventType "swiss"]
[EventRounds "11"]
[EventCountry "RUS"]
[SourceTitle "CBM 044"]
[Source "ChessBase"]
[SourceDate "1995.02.01"]
[SourceVersion "1"]
[SourceVersionDate "1995.02.01"]
[SourceQuality "1"]

1. Nf3 Nf6 2. g3 g6 3. b3 Bg7 4. Bb2 O-O 5. Bg2 d5 6. c4 c6 7. O-O Bf5 (7... e6
8. d3 Nbd7 9. Qc2 Re8 10. Nbd2 e5 11. cxd5 Nxd5 12. e4 Nb4 13. Qc3 c5 14. a3
Nc6 15. b4 Qe7 $13 {Anic,D-Skembris,S/Cannes/1993/0:1/49/}) (7... Nbd7 8. d3
Re8 9. Nbd2 e5 10. cxd5 Nxd5 11. e4 $5 N5b6 12. a4 Nc5 13. a5 $14 {Nalbandian,
T-Papaioannou,I/Sas van Gent/1992/}) (7... Bg4 8. d3 Nbd7 9. Nbd2 Re8 10. h3 (
10. d4 Bxf3 11. Nxf3 e6 12. Qc2 Ne4 13. Ne5 f5 14. e3 $14 {Larsen,B-Smyslov,V/
Hastings/1988/}) 10... Bxf3 11. Nxf3 e5 12. cxd5 Nxd5 13. Qc2 $14 {Stohl,
I-Glek,I/BRD/1994/0,5/42/}) 8. d4 (8. d3 Qd7 9. Re1 Bh3 10. Kh1 Rd8 11. Nbd2
Na6 12. Rc1 Qf5 13. a3 Bh6 14. b4 Ng4 15. cxd5 $14 {Polugaevsky,L-Trifunovic,P/
JUG/1968/}) 8... Qd7 (8... Na6 9. a3 Ne4 $5) 9. Re1 (9. Ne5 $32 Qc8 (9... Qe6
10. Nd3) 10. cxd5 cxd5 11. Nd2 Bh3 12. Rc1 $14) 9... Na6 10. a3 Rfd8 11. Nbd2 (
11. Ne5 $5 Qe8 12. Nd2 $10) 11... Ne4 12. e3 $6 (12. Ne5 Bxe5 (12... Qe8 13.
Ndf3) 13. Nxe4 Bxe4 14. Bxe4 dxe4 (14... Bg7 15. cxd5 cxd5 16. Bg2 $14) 15.
dxe5 Qf5 16. Qc2 $13) 12... Nac5 $1 $17 13. Bf1 (13. Qe2 Nxd2 14. Nxd2 Nd3 $17)
13... Bg4 14. Qc2 Qf5 15. dxc5 (15. Bg2 Nxg3 $19) 15... Nxd2 16. Qxd2 (16. Qxf5
Nxf3+ 17. Qxf3 Bxf3 18. Bxg7 Kxg7 $17) 16... Bxf3 17. Bxg7 Kxg7 18. Qc3+ Qf6
19. Qxf6+ Kxf6 $17 20. Be2 $5 (20. Ra2 d4 21. b4 (21. exd4 Rxd4 22. Re3 Bd1 23.
b4 a5 $17) 21... e5 $17) 20... Bxe2 21. Rxe2 dxc4 22. bxc4 Rd3 23. Rb2 Rb8 24.
a4 a5 $1 (24... Rc3 25. a5 a6 (25... Rxc4 26. a6 $10) 26. Rab1 Rxc4 27. Rxb7
Rxb7 28. Rxb7 Rxc5 29. Rb6 $10) 25. Rab1 Rc3 26. Rxb7 Rxb7 27. Rxb7 Rxc4 28.
Ra7 Rxc5 29. h4 (29. Kg2 h5 30. Kf3 g5 31. h3 Ke6 $17) 29... h5 30. Kg2 Ke6 31.
Kf3 f6 $1 32. Ra8 g5 33. hxg5 (33. Kg2 $5) 33... fxg5 34. g4 $6 (34. Kg2 $32)
34... hxg4+ 35. Kxg4 Rc4+ 36. Kxg5 Rxa4 37. Ra6 Kd6 38. f4 $6 (38. Kf5 $5 e6+
39. Kf6) 38... Re4 $1 $19 39. Rxa5 Rxe3 40. Ra8 c5 41. f5 Re4 $1 42. Rd8+ Kc6
43. Kg6 c4 44. Rc8+ Kb5 45. Re8 Re1 46. Kf7 Re5 0-1